Country Word Scramble #2 - Statistics

General Stats
  • This quiz has been taken 33 times
  • The average score is 14 of 15
Answer Stats
Hint Answer % Correct
asmdaagrca Madagascar
100%
wne ealnzda New Zealand
100%
ikstpan Pakistan
100%
uohts uasdn South Sudan
100%
gauuuyr Uruguay
100%
auamatgel Guatemala
97%
iuads bariaa Saudi Arabia
93%
nevtima Vietnam
93%
tnenrmonge Montenegro
90%
egansel Senegal
90%
igalomno Mongolia
87%
oiarmna Romania
83%
opalurgt Portugal
80%
mniarea Armenia
73%
kianeur Ukraine
73%
No matching quizzes found
Score Distribution
Percent of People with Each Score
Percentile by Number Answered
Your Score History
You have not taken this quiz